[Event "ESP-ch U16"]
[Site "Salobrena"]
[Date "2015.07.22"]
[Round "4"]
[White "Lacruz Algarate, Alvaro"]
[Black "Serrano Leiva, Ana"]
[Result "1/2-1/2"]
[WhiteElo "2072"]
[BlackElo "1889"]
[PlyCount "64"]
[EventDate "2015.07.20"]
[EventType "swiss"]
[EventRounds "9"]
[EventCountry "ESP"]
[SourceTitle "EXT 2016"]
[Source "ChessBase"]
[SourceDate "2015.10.08"]
[SourceVersion "1"]
[SourceVersionDate "2015.10.08"]
[SourceQuality "1"]

1. e4 c5 2. Nf3 d6 3. Bb5+ Bd7 4. Bxd7+ Qxd7 5. 0-0 Nc6 6. c3 Nf6 7. d4 cxd4 8. cxd4 Nxe4 9. d5 Ne5 10. Re1 Nf6 11. Nc3 g6 12. Nxe5 dxe5 13. Rxe5 Bg7 14. Qe1 0-0 15. Bg5 Rfe8 16. Rd1 Rad8 17. Re2 h6 18. Be3 b6 19. h3 Qb7 20. Red2 b5 21. a3 Rc8 22. Qf1 a6 23. Bd4 Red8 24. Be5 Rc5 25. Bd4 Rcc8 26. Bxf6 Bxf6 27. Ne4 Bg7 28. Qe2 a5 29. Qe3 a4 30. Nc5 Qb6 31. Ne4 Qb7 32. Nc5 Qb6 1/2-1/2

[Event "Benidorm op U2000 13th"]
[Site "Benidorm"]
[Date "2014.12.05"]
[Round "8"]
[White "Perez Garcia, Juan Angel"]
[Black "Serrano Leiva, Ana"]
[Result "1/2-1/2"]
[WhiteElo "1921"]
[BlackElo "1728"]
[PlyCount "60"]
[EventDate "2014.11.28"]
[EventType "swiss"]
[EventRounds "10"]
[EventCountry "ESP"]
[SourceTitle "CBM 163 Extra"]
[Source "ChessBase"]
[SourceDate "2014.12.23"]
[SourceVersion "1"]
[SourceVersionDate "2014.12.23"]
[SourceQuality "1"]

1. d4 Nf6 2. Nf3 e6 3. c4 c5 4. g3 d5 5. cxd5 Nxd5 6. Bg2 Nc6 7. 0-0 Be7 8. dxc5 0-0 9. Qc2 Bd7 10. a3 Qa5 11. e4 Nf6 12. Bd2 Qxc5 13. Bc3 Rac8 14. b4 Qb6 15. Qb2 Rfd8 16. Nbd2 Qb5 17. Rfe1 a6 18. a4 Qb6 19. Nc4 Qc7 20. Rac1 b5 21. axb5 axb5 22. Nce5 Qb7 23. Nxd7 Rxd7 24. Bxf6 Bxf6 25. e5 Be7 26. Nd4 Rxd4 27. Rxc6 Rxb4 28. Qc3 Rxc6 29. Qxc6 Qxc6 30. Bxc6 h6 1/2-1/2

[Event "Benidorm op U2000 12th"]
[Site "Benidorm"]
[Date "2013.12.07"]
[Round "10"]
[White "Serrano Leiva, Ana"]
[Black "Gillespie, Gary"]
[Result "0-1"]
[WhiteElo "1624"]
[BlackElo "1877"]
[PlyCount "46"]
[EventDate "2013.11.29"]
[EventType "swiss"]
[EventRounds "10"]
[EventCountry "ESP"]
[SourceTitle "CBM 157 Extra"]
[Source "ChessBase"]
[SourceDate "2013.12.19"]
[SourceVersion "1"]
[SourceVersionDate "2013.12.19"]
[SourceQuality "1"]

1. e4 d5 2. exd5 Qxd5 3. Nc3 Qd6 4. d4 Nf6 5. Nf3 c6 6. Bc4 Bf5 7. h3 e6 8. Be3 h6 9. Qd2 Qc7 10. 0-0-0 Bb4 11. a3 Ne4 12. Qe1 Nxc3 13. Bd2 Nxd1 14. Bxb4 Nxb2 15. Kxb2 a5 16. Bxa5 Qxa5 17. Qe3 0-0 18. g4 Bh7 19. h4 Nd7 20. h5 Qa4 21. Qc3 b5 22. Bd3 Bxd3 23. Qxd3 b4 0-1

[Event "ESP-ch U14"]
[Site "Salobrena"]
[Date "2012.07.10"]
[Round "3"]
[White "Serrano Leiva, Ana"]
[Black "Garriga Cazorla, Pere"]
[Result "0-1"]
[WhiteElo "1579"]
[BlackElo "2056"]
[PlyCount "66"]
[EventDate "2012.07.09"]
[EventType "swiss"]
[EventRounds "9"]
[EventCountry "ESP"]
[SourceTitle "EXT 2014"]
[Source "ChessBase"]
[SourceDate "2013.11.20"]
[SourceVersion "1"]
[SourceVersionDate "2013.11.20"]
[SourceQuality "1"]

1. e4 c5 2. Nf3 Nc6 3. d4 cxd4 4. Nxd4 Qb6 5. Nxc6 bxc6 6. Nc3 d6 7. Bd3 Nf6 8. 0-0 e6 9. Re1 Be7 10. e5 dxe5 11. Rxe5 0-0 12. Ne4 Ba6 13. b3 Bxd3 14. Qxd3 Rad8 15. Qf3 Qd4 16. Bb2 Qxb2 17. Qc3 Qxc3 18. Nxc3 Nd5 19. Nxd5 cxd5 20. Rd1 Rc8 21. Re2 Rc3 22. g3 Rfc8 23. Rdd2 Ba3 24. Rd4 Bc1 25. Kg2 Rxc2 26. Re1 Ba3 27. Ra4 Bc5 28. Rf1 e5 29. Ra5 e4 30. a3 d4 31. b4 Bb6 32. Rd5 d3 33. Rf5 Rd8 0-1

[Event "ESP-ch U14"]
[Site "Salobrena"]
[Date "2012.07.09"]
[Round "1"]
[White "Serrano Leiva, Ana"]
[Black "Portela Peleteiro, Alberto"]
[Result "0-1"]
[WhiteElo "1579"]
[BlackElo "1927"]
[PlyCount "68"]
[EventDate "2012.07.09"]
[EventType "swiss"]
[EventRounds "9"]
[EventCountry "ESP"]
[SourceTitle "EXT 2014"]
[Source "ChessBase"]
[SourceDate "2013.11.20"]
[SourceVersion "1"]
[SourceVersionDate "2013.11.20"]
[SourceQuality "1"]

1. e4 c5 2. Nf3 e6 3. d4 cxd4 4. Nxd4 Nf6 5. Nc3 Nc6 6. Ndb5 Bb4 7. a3 Bxc3+ 8. Nxc3 d5 9. exd5 exd5 10. Bd3 0-0 11. 0-0 d4 12. Ne2 Qb6 13. Bg5 Nd5 14. Ng3 Ne5 15. Be4 Bg4 16. Qc1 Be6 17. Nf5 Bxf5 18. Bxf5 f6 19. Bd2 Ne7 20. Bh3 Rfd8 21. Qe1 N7c6 22. f4 Nf7 23. Be6 Re8 24. f5 Nce5 25. Qf2 Kh8 26. Rad1 Nd8 27. Bb3 Rc8 28. Bb4 Ndc6 29. Be6 Rcd8 30. Qg3 Nxb4 31. axb4 d3+ 32. Qf2 dxc2 33. Rc1 Qxf2+ 34. Kxf2 Nd3+ 0-1